000 00577nam a2200205Ia 4500
003 GCL
008 140319s9999 xx 000 0 eng d
040 _aGCL /
_cGCL
082 0 4 _a531
_bS M
100 1 _aSARAF, B.
245 1 0 _aMECHANICAL SYSTEM: STUDY OF SOME FUNDAMENTAL PROCESSES IN PHYSICS /
_cSARAF, B.
700 1 _aKHANDELELWAL, D. P.
700 1 _aMAZUMDAR, B. C.
260 _a[S.N] :
_bVIKAS PUBLISHING HOUSE PVT. LTD ،
_c1994
300 _a194 P
490 _aPHYSICS THROUGH EXPERIMENT
_v0
650 0 4 _aPHYSICS
650 0 4 _aMECHANICS
942 _2ddc
_cBK
999 _c20542
_d20542